000 02587 am a2200565 a 4500
005 20240530122830.0
008 110329s2009||||sp a f |||| 001 0 spa d
020 _a9788498351491
041 _aspa
092 _c616.0757
_l53
_sMÖL
100 1 _aMöller, Torsten B.
_92
245 _aAtlas de bolsillo de Cortes Anatómicos. Tomografía Computarizada y Resonancia Magnética.
_bT.2 Tórax, Corazón, Abdomen y Pelvis /
_cTorsten B. Möller
250 _a3a ed. revisada y actualizada.
260 _aMadrid:
_bEditorial Médica Panamericana;
_c2009.
300 _a264 p.
_b443 ilustraciones
500 _aMöller, T. B. y Reif, E. (2010). Atlas de bolsillo de cortes anatómicos. Tomografía computarizada y resonancia magnética. T.2 Tórax - Corazón - Abdomen y Pelvis. (3a ed.). Madrid : Editorial Médica Panamericana
590 _aCompra FACIMED 2011
653 _aTC del tórax: axial
653 _aRM del tórax: sagital
653 _aRM del tórax: coronal
653 _aTC del corazón: angiografía por TC
653 _aTRM del corazón: vista de dos cámaras del ventrículo izquierdo
653 _aTRM del corazón: vista de cuatro cámaras del ventrículo izquierdo
653 _aTRM del corazón: vista de eje corto
653 _aTRM del corazón: tractos de entrada del flujo del ventrículo izquierdo
653 _aTRM del corazón: tracto de salida del flujo del ventrículo izquierdo
653 _aTRM del corazón: vista de dos cámaras del ventrículo derecho
653 _aTRM del corazón: tracto de salida del flujo del ventrículo derecho
653 _aAorta: angiografía por RM
653 _aVasos pulmonares: angiografía por RM
653 _aRM: mamografía: axial
653 _aTC del abdomen: axial
653 _aRM del abdomen: sagital
653 _aRM del abdomen: coronal
653 _aArteria renal: angiografía por RM
653 _aAngiografía por RM del tronco celíaco: angiografía por RM
653 _aAngiografía por RM de venas esplénicas y porta: angiografía por RM
653 _aColangiopancreatografía por RM
653 _aRM de pelvis femenina: axial
653 _aRM de pelvis femenina: sagital
653 _aRM de pelvis femenina: coronal
653 _aRM de pelvis masculina: sagital
653 _aRM de pelvis masculina: coronal
653 _aRM de próstata: axial
653 _aRM de los testículos: sagital
653 _aAngiografía por RM de las extremidades inferiores: angiografía por RM
700 1 _aReif, Emil.
_93
930 _a2209
942 _2ddc
_cBK
_014
999 _c810
_d810